Poesías / (Record no. 106428)

MARC details
000 -LEADER
campo de control de longitud fija 01150nam a2200289 i 4500
001 - NÚMERO DE CONTROL
campo de control 106428
003 - IDENTIFICADOR DE NÚMERO DE CONTROL
campo de control ES-MaACL
005 - FECHA Y HORA DE LA ÚLTIMA TRANSACCIÓN
campo de control 20251107133924.0
007 - CAMPO FIJO DE DESCRIPCIÓN FÍSICA--INFORMACIÓN GENERAL
campo de control de longitud fija t|
008 - DATOS DE LONGITUD FIJA--INFORMACIÓN GENERAL
campo de control de longitud fija 061115s1918 sp ||||1| spa d
080 ## - NÚMERO DE LA CLASIFICACIÓN DECIMAL UNIVERSAL
Número de la Clasificación Decimal Universal 929 Olmedo, José Joaquín
080 ## - NÚMERO DE LA CLASIFICACIÓN DECIMAL UNIVERSAL
Número de la Clasificación Decimal Universal 821.134.2(866)-14"18"
100 1# - ENTRADA PRINCIPAL--NOMBRE DE PERSONA
Nombre de persona Olmedo, José Joaquín de,
Fechas asociadas al nombre 1780-1847
9 (RLIN) 86954
245 10 - MENCIÓN DEL TÍTULO
Título Poesías /
Mención de responsabilidad, etc. José Joaquín de Olmedo ; precedidas de una conferencia acerca de la personalidad del autor, dada en el Ateneo de Madrid por César E. Arroyo.
260 ## - PUBLICACIÓN, DISTRIBUCIÓN, ETC.
Lugar de publicación, distribución, etc. Barcelona :
Nombre del editor, distribuidor, etc. Maucci,
Fecha de publicación, distribución, etc. [1918?]
300 ## - DESCRIPCIÓN FÍSICA
Extensión 221 p. ;
Dimensiones 19 cm.
500 ## - NOTA GENERAL
Nota general Conferencia leía en el Ateneo de Madrid, en el curso de 1918.
500 ## - NOTA GENERAL
Nota general En la cubierta, retrato del autor.
530 ## - NOTA DISPONIBLE DE FORMULARIO FÍSICO ADICIONAL
Nota de formato físico adicional disponible Disponible en formato digital.
600 14 - PUNTO DE ACCESO ADICIONAL DE MATERIA--NOMBRE DE PERSONA
Nombre de persona Olmedo, José Joaquín de,
Fechas asociadas al nombre 1780-1847
9 (RLIN) 86954
610 24 - PUNTO DE ACCESO ADICIONAL DE MATERIA--NOMBRE DE ENTIDAD CORPORATIVA
Nombre de entidad corporativa o nombre de jurisdicción como elemento de entrada Ateneo de Madrid-
Subdivisión de forma Conferencias-
Subdivisión cronológica 1900-1939
9 (RLIN) 1907
700 1# - ENTRADA AGREGADA--NOMBRE PERSONAL
Nombre de persona Arroyo, César E.
9 (RLIN) 23351
852 ## - LOCALIZACIÓN
Ubicación ES-MaACL
Número de control de estantería G-4239
Sublocalización o colección R.138089
Ubicación en estantería Depósito 2
856 4# - LOCALIZACIÓN Y ACCESO ELECTRÓNICOS
Identificador Uniforme de Recursos <a href="http://bdh-rd.bne.es/viewer.vm?id=0000129708&page=1 ">http://bdh-rd.bne.es/viewer.vm?id=0000129708&page=1 </a>
Texto de enlace (Biblioteca Digital Hispánica)
942 ## - ELEMENTOS DE ENTRADA SECUNDARIOS (KOHA)
Fuente del sistema de clasificación o colocación Clasificación decimal universal
Holdings
Estatus retirado Estado de pérdida Estado de daño No para préstamo Colección Biblioteca de origen Biblioteca actual Ubicación en estantería Fecha de adquisición Fuente de adquisición Total de préstamos Signatura topográfica completa Código de barras Visto por última vez Precio de reemplazo Tipo de ítem Koha
        Colección digital Biblioteca del Ateneo de Madrid Biblioteca del Ateneo de Madrid Depósito 2 17/01/2008     G-4239 1111098 23/02/2023 23/02/2023 Libro impreso